| 000 -LEADER |
| fixed length control field |
00500pab a2200169 454500 |
| 008 - FIXED-LENGTH DATA ELEMENTS--GENERAL INFORMATION |
| fixed length control field |
180718b2004 xxu||||| |||| 00| 0 eng d |
| 100 ## - MAIN ENTRY--PERSONAL NAME |
| Personal name |
Kalita, P. |
| 245 ## - TITLE STATEMENT |
| Title |
Factors affecting the use of contraception: a case study of Assam, based on a multivariate analysis |
| 260 ## - PUBLICATION, DISTRIBUTION, ETC. |
| Date of publication, distribution, etc. |
2004 |
| 300 ## - PHYSICAL DESCRIPTION |
| Extent |
p.45-50. |
| 650 ## - SUBJECT ADDED ENTRY--TOPICAL TERM |
| Topical term or geographic name entry element |
Contraception - India - Assam |
| 650 ## - SUBJECT ADDED ENTRY--TOPICAL TERM |
| Topical term or geographic name entry element |
Contraception |
| 700 ## - ADDED ENTRY--PERSONAL NAME |
| Personal name |
Borah, M. |
| 700 ## - ADDED ENTRY--PERSONAL NAME |
| Personal name |
Coudhury, H. |
| 773 ## - HOST ITEM ENTRY |
| Main entry heading |
Indian Journal of Regional Science |
| 909 ## - |
| -- |
63488 |